000 00275nam a2200109Ia 4500
008 190216s9999||||xx |||||||||||||| ||und||
100 _aGoel & Gupta
245 0 _aPractical Accounting
260 _bPublications Division Govt. Of India
_c1975
300 _a576p
942 _cBK
999 _c4318
_d4318